Państwa z największą liczbą enklaw i ekslaw - Statystyki

Ogólne statystyki
  • Ten quiz został rozwiązany 22 razy
  • Średni wynik to 12 z 20
Statystyki odpowiedzi
Kraj Odpowiedź % Poprawnych
2 Stany Zjednoczone
100%
6 Rosja
95%
1 Włochy
95%
10+ Francja
90%
2 Wielka Brytania
85%
2 Hiszpania
80%
1 Niemcy
80%
106+ Indie
75%
1 Kanada
75%
22 Belgia
70%
2 Pakistan
60%
1 Szwecja
55%
1 Szwajcaria
45%
55+ Bangladesz
40%
1 Azerbejdżan
35%
1 Afganistan
25%
3 Kirgistan
25%
2 Tadżykistan
25%
4 Uzbekistan
20%
10 Niderlandy
10%
Nie znaleziono quizów pasujących do podanych kryteriów
Rozkład punktacji
Procent ludzi z każdym wynikiem
Percentyl według liczby udzielonych odpowiedzi
Twoja historia wyników
Nie rozwiązałeś tego quizu